000 01002nam a2200277Ia 4500
003 OSt
005 20221005110516.0
006 a|||||r|||| 00| 0
007 ta
008 221004b |||||||| |||| 00| 0 hin d
020 _cINR 350.00
024 _a41507
037 _b301, 25/02/2019, Eastern Book Linkers
_cTextual
040 _aCRL
_cCRL
_bhin
041 _2hin
_ahin
082 _aO152,3N44x, Q8
100 _aआत्रेय, रामकुमार, ले.
245 0 _aसिर्फ कहानी नही
246 _aSirfa kahānī nahī
260 _aनई दिल्ली
_bनेशनल पेपरबैक्स भारत
_c2018
300 _a131पृ0
_ccm.
650 _a हिन्दी साहित्य
650 _aहिन्दी कहानी
942 _hO152,3N44x, Q8
_cTEXL
_2cc
999 _c1019039
_d1019039